| 000 | 01021cam a2200229u 4500 | ||
|---|---|---|---|
| 999 |
_c234228 _d234228 |
||
| 001 | 9857681 | ||
| 003 | Nust | ||
| 005 | 20170316114906.0 | ||
| 008 | 820922s1964 ilua 000 0 eng | ||
| 010 | _aa 64007743 | ||
| 020 | _a978-81-203-3718-3 | ||
| 040 |
_aDLC _cASAB _dDLC |
||
| 082 | _a570 | ||
| 245 | 1 | 0 |
_aTeaching of biological sciences _cby Jasim Ahmad |
| 246 | _abiological sciences | ||
| 247 | _aTeaching of biological sciences | ||
| 300 |
_a340 p. _billus. _c23 cm. |
||
| 650 | 0 |
_aBiology _xStudy and teaching |
|
| 906 |
_a0 _bcbc _cpremunv _du _encip _f19 _gy-gencatlg |
||
| 942 |
_2ddc _cBK |
||